00464 2200181 4500001002100000005001500021008004100036020001800077035001900095041000700114082001000121090001600131100001900147700001300166245002100179260004700200300003500247INLIS00000000003079420241224133041241224||||||||| | ||| |||| || |  a979-668-797-6 0010-1224030794 aid0 a741.3 a741.3 Zen b0 aZENI S.NUGROHO0 aSarwanti00aBunga Daur Ulang aSolobTiga Serangkai Pustaka Mandiric2007 a24 Halaman, Ilustrasi; 24,9 cm